[Event "RD-2012-0-00077"]
[Site "LSS email"]
[Date "2012.11.29"]
[Round "?"]
[White "Sirotkin, Evgenji"]
[Black "Bossi, Noemi"]
[Result "1-0"]
[WhiteElo "1667"]
[BlackElo "1429"]
[PlyCount "33"]
[EventDate "2012.08.03"]
[EventType "tourn (corr)"]
[EventRounds "6"]
[EventCountry "GER"]
[SourceTitle "Corr 2015"]
[Source "ChessBase"]
[SourceDate "2015.07.17"]
[SourceVersion "1"]
[SourceVersionDate "2015.07.17"]
[SourceQuality "1"]

1. d4 d5 2. c4 c6 3. Nc3 e6 4. e3 f5 5. Nf3 Nf6 6. Bd3 Bd6 7. 0-0 Nbd7 8. cxd5 cxd5 9. Bd2 0-0 10. Nb5 Be7 11. Rc1 Ne8 12. Qc2 Ndf6 13. Ne5 Ne4 14. Be1 Bd7 15. Qb3 a6 16. Nc3 b5 17. Nxd5 1-0

[Event "ZI-2012-0-01426"]
[Site "LSS email"]
[Date "2012.11.22"]
[Round "?"]
[White "Ress, Jacques"]
[Black "Bossi, Noemi"]
[Result "1-0"]
[WhiteElo "1920"]
[BlackElo "1460"]
[PlyCount "68"]
[EventDate "2012.11.19"]
[EventType "match (corr)"]
[EventRounds "2"]
[EventCountry "GER"]
[SourceTitle "Telechess CBM 165"]
[Source "ChessBase"]
[SourceDate "2015.03.11"]
[SourceVersion "1"]
[SourceVersionDate "2015.03.11"]
[SourceQuality "1"]

1. d4 d5 2. c4 c6 3. Nf3 e6 4. Nc3 f5 5. Bf4 Nf6 6. e3 Bd6 7. Bd3 0-0 8. 0-0 Bxf4 9. exf4 Qd6 10. Ne5 dxc4 11. Bxc4 Nd5 12. g3 Nd7 13. Qb3 Nxe5 14. fxe5 Qd7 15. Bxd5 cxd5 16. Nb5 b6 17. Rfc1 Ba6 18. Nd6 f4 19. Qd1 Bc4 20. b3 Ba6 21. Rc3 Rad8 22. Rac1 fxg3 23. hxg3 Qe7 24. R1c2 Rd7 25. Qc1 Ra8 26. Rc7 h6 27. Rxd7 Qxd7 28. Rc7 Qd8 29. Nf7 Qb8 30. Qc6 Qe8 31. Nxh6+ Kh7 32. Qxe8 Rxe8 33. Nf7 Be2 34. Rxa7 Kg6 1-0

[Event "OP-2012-0-02437"]
[Site "LSS email"]
[Date "2012.10.05"]
[Round "?"]
[White "Guaimare Rodriguez, Carlos Luis"]
[Black "Bossi, Noemi"]
[Result "0-1"]
[WhiteElo "1003"]
[BlackElo "1460"]
[PlyCount "52"]
[EventDate "2012.09.30"]
[EventType "tourn (corr)"]
[EventRounds "4"]
[EventCountry "GER"]
[SourceTitle "Telechess CBM 165"]
[Source "ChessBase"]
[SourceDate "2015.03.11"]
[SourceVersion "1"]
[SourceVersionDate "2015.03.11"]
[SourceQuality "1"]

1. e4 c5 2. Nf3 Nc6 3. d4 cxd4 4. Nxd4 e5 5. Nb5 d6 6. N1c3 a6 7. Na3 Nf6 8. Bg5 Be7 9. Nc4 Be6 10. Ne3 0-0 11. Bxf6 Bxf6 12. Bd3 Bg5 13. Ncd5 f5 14. exf5 Bxd5 15. Nxd5 Qa5+ 16. Nc3 d5 17. 0-0 e4 18. Be2 Rad8 19. Bg4 Ne5 20. Bh3 Nc4 21. Ne2 Nxb2 22. Qb1 Bf6 23. Qe1 Qxe1 24. Rfxe1 d4 25. Rab1 d3 26. cxd3 exd3 0-1

[Event "SD-2012-0-00148"]
[Site "LSS email"]
[Date "2012.10.04"]
[Round "?"]
[White "Bossi, Noemi"]
[Black "Hatsek, Werner"]
[Result "1/2-1/2"]
[WhiteElo "1428"]
[BlackElo "1915"]
[PlyCount "91"]
[EventDate "2012.08.27"]
[EventType "tourn (corr)"]
[EventRounds "6"]
[EventCountry "GER"]
[SourceTitle "Telechess CBM 163"]
[Source "ChessBase"]
[SourceDate "2014.11.11"]
[SourceVersion "2"]
[SourceVersionDate "2014.11.11"]
[SourceQuality "1"]

1. Nf3 d5 2. g3 g6 3. Bg2 Bg7 4. 0-0 c5 5. c3 Nf6 6. d4 Nbd7 7. Ne5 0-0 8. Nxd7 Qxd7 9. dxc5 Qb5 10. b4 Bf5 11. Bb2 Rfd8 12. a4 Qd7 13. a5 Ne4 14. f3 Nf6 15. Na3 b6 16. e4 Be6 17. cxb6 axb6 18. axb6 dxe4 19. Qxd7 Nxd7 20. b7 Rab8 21. fxe4 Rxb7 22. Nc2 Ne5 23. Nd4 Bc4 24. Rfb1 Rc7 25. h3 h5 26. Kh2 Nd3 27. b5 Rb8 28. Ba3 Rb6 29. Bf1 h4 30. gxh4 Bf6 31. Be2 Kg7 32. Bf1 e5 33. Nc2 Nf4 34. Bxc4 Rxc4 35. Rb3 Rb7 36. Ne3 Rxe4 37. c4 Bxh4 38. Bd6 Bf2 39. Ng4 Bd4 40. Ra2 Ne6 41. Nf2 Rh4 42. Rc2 Bxf2 43. Rxf2 Rxc4 44. Bxe5+ Kh6 45. Rfb2 Nd4 46. Bxd4 1/2-1/2

[Event "SD-2012-0-00148"]
[Site "LSS email"]
[Date "2012.10.04"]
[Round "?"]
[White "Bossi, Noemi"]
[Black "Posada, Charlie"]
[Result "1-0"]
[WhiteElo "1428"]
[BlackElo "1577"]
[PlyCount "45"]
[EventDate "2012.08.27"]
[EventType "tourn (corr)"]
[EventRounds "6"]
[EventCountry "GER"]
[SourceTitle "Telechess CBM 163"]
[Source "ChessBase"]
[SourceDate "2014.11.11"]
[SourceVersion "2"]
[SourceVersionDate "2014.11.11"]
[SourceQuality "1"]

1. Nf3 f5 2. d4 Nf6 3. g3 b6 4. Bg2 Bb7 5. 0-0 e6 6. c4 Be7 7. Nc3 Ne4 8. Qc2 Nxc3 9. Qxc3 0-0 10. Bf4 Bf6 11. b4 a5 12. b5 d6 13. Qe3 Qe8 14. Rad1 Nd7 15. Rfe1 h6 16. Qc1 Qf7 17. h4 Rae8 18. d5 e5 19. Be3 f4 20. gxf4 exf4 21. Bxf4 Nc5 22. Bg3 Bc3 23. Qxc3 1-0

[Event "RD-2012-0-00074"]
[Site "LSS email"]
[Date "2012.10.03"]
[Round "?"]
[White "Bossi, Noemi"]
[Black "Hoehne, Volkmar"]
[Result "1/2-1/2"]
[WhiteElo "1460"]
[BlackElo "1625"]
[PlyCount "49"]
[EventDate "2012.05.27"]
[EventType "tourn (corr)"]
[EventRounds "6"]
[EventCountry "GER"]
[SourceTitle "Telechess CBM 165"]
[Source "ChessBase"]
[SourceDate "2015.03.11"]
[SourceVersion "1"]
[SourceVersionDate "2015.03.11"]
[SourceQuality "1"]

1. e4 c5 2. Nc3 Nc6 3. g3 g6 4. Bg2 Bg7 5. d3 d6 6. Nge2 e6 7. 0-0 Nge7 8. Be3 Nd4 9. Bg5 h6 10. Bd2 0-0 11. Nxd4 cxd4 12. Ne2 Qb6 13. c3 Nc6 14. cxd4 Nxd4 15. Nxd4 Qxd4 16. Bc3 Qb6 17. Qd2 Bd7 18. Bxg7 Kxg7 19. d4 Rac8 20. Rfc1 Bb5 21. d5 e5 22. Bh3 Rxc1+ 23. Rxc1 Re8 24. Qb4 Ra8 25. Qc3 1/2-1/2

[Event "RD-2012-0-00074"]
[Site "LSS email"]
[Date "2012.10.03"]
[Round "?"]
[White "Urbaniak, Marcin"]
[Black "Bossi, Noemi"]
[Result "1-0"]
[WhiteElo "1650"]
[BlackElo "1460"]
[PlyCount "105"]
[EventDate "2012.05.27"]
[EventType "tourn (corr)"]
[EventRounds "6"]
[EventCountry "GER"]
[SourceTitle "Telechess CBM 165"]
[Source "ChessBase"]
[SourceDate "2015.03.11"]
[SourceVersion "1"]
[SourceVersionDate "2015.03.11"]
[SourceQuality "1"]

1. e4 e6 2. d4 d5 3. Nd2 Nf6 4. e5 Nfd7 5. Bd3 c5 6. c3 Nc6 7. Ne2 Be7 8. Nf3 c4 9. Bc2 b5 10. 0-0 b4 11. Qd2 0-0 12. Qf4 f5 13. Qg3 bxc3 14. bxc3 Rf7 15. Ng5 Bxg5 16. Bxg5 Qa5 17. Nf4 Nf8 18. Rfb1 Rb8 19. Rxb8 Nxb8 20. a4 Rb7 21. h4 Ng6 22. Ne2 Nh8 23. Bc1 Nc6 24. Ra2 Qd8 25. h5 Nf7 26. Nf4 Na5 27. h6 Nxh6 28. Nh5 Kh8 29. Rb2 Nb3 30. Bxh6 gxh6 31. Bxf5 exf5 32. e6 Qe7 33. Re2 Nc1 34. Qe5+ Kg8 35. Nf6+ Kf8 36. Re3 Bxe6 37. Nxd5 Ne2+ 38. Kf1 Bxd5 39. Qh8+ Kf7 40. Rxe7+ Rxe7 41. Qxh7+ Kf6 42. Qxh6+ Kf7 43. Qg5 Nxc3 44. Qxf5+ Kg7 45. Qg4+ Kf8 46. Qh3 Ne4 47. Qh8+ Bg8 48. d5 c3 49. f3 Rh7 50. Qe5 c2 51. Qb8+ Kg7 52. Qc7+ Bf7 53. Qxc2 1-0

[Event "CP-2012-P-00055"]
[Site "LSS email"]
[Date "2012.10.01"]
[Round "?"]
[White "Bossi, Noemi"]
[Black "Schnoewitz, Brigitte"]
[Result "1-0"]
[WhiteElo "1425"]
[BlackElo "1121"]
[PlyCount "41"]
[EventDate "2012.10.05"]
[EventType "tourn (corr)"]
[EventRounds "6"]
[EventCountry "GER"]
[SourceTitle "Telechess CBM 159"]
[Source "ChessBase"]
[SourceDate "2014.03.17"]
[SourceVersion "1"]
[SourceVersionDate "2014.03.17"]
[SourceQuality "1"]

1. e4 c5 2. Nf3 Nc6 3. c3 d5 4. exd5 Qxd5 5. d4 e6 6. Na3 cxd4 7. Nb5 Qd8 8. Bf4 e5 9. Nxe5 Qe7 10. Qe2 a6 11. Nc7+ Kd8 12. Nxc6+ bxc6 13. Qxe7+ Bxe7 14. Nxa8 c5 15. cxd4 cxd4 16. 0-0-0 Bc5 17. Be5 f6 18. Bxd4 Bxd4 19. Rxd4+ Ke7 20. Nb6 Nh6 21. Bc4 1-0

[Event "CP-2012-P-00055"]
[Site "LSS email"]
[Date "2012.10.01"]
[Round "?"]
[White "Malashenkov, Alexei"]
[Black "Bossi, Noemi"]
[Result "1-0"]
[WhiteElo "2296"]
[BlackElo "1425"]
[PlyCount "47"]
[EventDate "2012.10.05"]
[EventType "tourn (corr)"]
[EventRounds "6"]
[EventCountry "GER"]
[SourceTitle "Telechess CBM 159"]
[Source "ChessBase"]
[SourceDate "2014.03.17"]
[SourceVersion "1"]
[SourceVersionDate "2014.03.17"]
[SourceQuality "1"]

1. e4 d5 2. exd5 Qxd5 3. Nc3 Qe6+ 4. Be2 Qg6 5. g3 Nf6 6. Nf3 Bh3 7. d4 Qf5 8. Ne5 Nc6 9. g4 Nxg4 10. Nxg4 0-0-0 11. d5 e6 12. Bd3 Bxg4 13. Bxf5 Bxd1 14. dxc6 Bf3 15. cxb7+ Kb8 16. Be4 Bxh1 17. Bxh1 Bc5 18. Na4 Be7 19. Be3 g5 20. b4 Bxb4+ 21. Ke2 Be7 22. Rb1 h6 23. Rb5 Rd5 24. Bxd5 1-0

[Event "RD-2012-0-00074"]
[Site "LSS email"]
[Date "2012.09.30"]
[Round "?"]
[White "Bossi, Noemi"]
[Black "Rogachev, Vitaly Vasilievich"]
[Result "1/2-1/2"]
[WhiteElo "1460"]
[BlackElo "1708"]
[PlyCount "39"]
[EventDate "2012.05.27"]
[EventType "tourn (corr)"]
[EventRounds "6"]
[EventCountry "GER"]
[SourceTitle "Telechess CBM 165"]
[Source "ChessBase"]
[SourceDate "2015.03.11"]
[SourceVersion "1"]
[SourceVersionDate "2015.03.11"]
[SourceQuality "1"]

1. Nf3 Nf6 2. g3 d5 3. Bg2 c6 4. 0-0 Bf5 5. Nc3 e6 6. d3 h6 7. Qe1 Be7 8. e4 Bh7 9. a4 0-0 10. Bf4 a5 11. Rb1 Na6 12. Qe2 Re8 13. e5 Nd7 14. h4 Nb4 15. Rbd1 Qb6 16. Be3 Qc7 17. Bf4 Bg6 18. Rd2 Rac8 19. Rc1 Qb6 20. d4 1/2-1/2

[Event "RD-2012-0-00074"]
[Site "LSS email"]
[Date "2012.09.27"]
[Round "?"]
[White "Laczay, Istvan"]
[Black "Bossi, Noemi"]
[Result "1-0"]
[WhiteElo "1490"]
[BlackElo "1460"]
[PlyCount "77"]
[EventDate "2012.05.27"]
[EventType "tourn (corr)"]
[EventRounds "6"]
[EventCountry "GER"]
[SourceTitle "Telechess CBM 165"]
[Source "ChessBase"]
[SourceDate "2015.03.11"]
[SourceVersion "1"]
[SourceVersionDate "2015.03.11"]
[SourceQuality "1"]

1. d4 Nf6 2. c4 e6 3. Nc3 c5 4. d5 exd5 5. cxd5 Bd6 6. g3 0-0 7. Bg2 Re8 8. Nf3 Bc7 9. d6 Ba5 10. Nd2 Nc6 11. 0-0 Bxc3 12. bxc3 Re6 13. e4 Ne8 14. f4 Nxd6 15. e5 Nf5 16. Nc4 b5 17. Ne3 Nfe7 18. f5 Rxe5 19. Ng4 Rxf5 20. Rxf5 Nxf5 21. Bxc6 Rb8 22. Be4 d6 23. Bf4 Rb6 24. Qd3 c4 25. Qc2 Ne7 26. Ne3 h6 27. Rd1 Be6 28. Kh1 d5 29. Bf3 Ra6 30. Qb2 g5 31. Be5 Nc6 32. Bd4 Nxd4 33. cxd4 b4 34. Qxb4 Rxa2 35. Qe1 Kg7 36. Nxd5 Qd6 37. Ne3 Qa6 38. d5 Bd7 39. Bg4 1-0

[Event "SD-2012-0-00139"]
[Site "LSS email"]
[Date "2012.07.11"]
[Round "?"]
[White "Bossi, Noemi"]
[Black "Hoehne, Volkmar"]
[Result "1/2-1/2"]
[WhiteElo "1429"]
[BlackElo "1936"]
[PlyCount "97"]
[EventDate "2012.05.19"]
[EventType "tourn (corr)"]
[EventRounds "6"]
[EventCountry "GER"]
[SourceTitle "Telechess CBM 161"]
[Source "ChessBase"]
[SourceDate "2014.07.16"]
[SourceVersion "1"]
[SourceVersionDate "2014.07.16"]
[SourceQuality "1"]

1. e4 e6 2. d4 d5 3. Nc3 Bb4 4. Nge2 dxe4 5. a3 Be7 6. Nxe4 Nf6 7. Nxf6+ Bxf6 8. Be3 Nc6 9. Qd2 e5 10. d5 Ne7 11. 0-0-0 Nf5 12. Nc3 0-0 13. Kb1 Nxe3 14. Qxe3 Bf5 15. Bd3 Bxd3 16. Rxd3 Qd7 17. Rhd1 Rfd8 18. h3 a5 19. g4 h6 20. Ne4 Be7 21. Qg3 f6 22. h4 Bf8 23. f3 b5 24. d6 cxd6 25. g5 fxg5 26. hxg5 hxg5 27. Qxg5 Be7 28. Qg6 Qe8 29. Qxe8+ Rxe8 30. Nxd6 Bxd6 31. Rxd6 b4 32. a4 Kf7 33. Rc6 Re6 34. Rd7+ Kf6 35. Rxe6+ Kxe6 36. Rxg7 Rf8 37. Ra7 Rxf3 38. Rxa5 e4 39. Kc1 e3 40. Kd1 Rf1+ 41. Ke2 Rf2+ 42. Kxe3 Rxc2 43. b3 Rc3+ 44. Kd4 Kd7 45. Rb5 Rxb3 46. Kc4 Rb1 47. Rxb4 Rxb4+ 48. Kxb4 Kc6 49. a5 1/2-1/2

[Event "SD-2012-0-00139"]
[Site "LSS email"]
[Date "2012.07.09"]
[Round "?"]
[White "Nouveau, Laurent"]
[Black "Bossi, Noemi"]
[Result "0-1"]
[WhiteElo "1361"]
[BlackElo "1429"]
[PlyCount "36"]
[EventDate "2012.05.19"]
[EventType "tourn (corr)"]
[EventRounds "6"]
[EventCountry "GER"]
[SourceTitle "Corr 2015"]
[Source "ChessBase"]
[SourceDate "2015.07.17"]
[SourceVersion "1"]
[SourceVersionDate "2015.07.17"]
[SourceQuality "1"]

1. e4 c5 2. Nf3 Nc6 3. d4 cxd4 4. Nxd4 e5 5. Nb5 d6 6. c4 Nf6 7. N1c3 a6 8. Na3 Be7 9. Nc2 0-0 10. Bd3 Nd7 11. 0-0 Nc5 12. Ne3 Bg5 13. Ncd5 a5 14. Bc2 Be6 15. Bd2 h6 16. b3 Bxd5 17. Nxd5 Bxd2 18. Qxd2 Ne6 0-1

[Event "OP-2012-0-02252"]
[Site "LSS email"]
[Date "2012.06.17"]
[Round "?"]
[White "Bossi, Noemi"]
[Black "Bieszk, Stanislaw"]
[Result "1-0"]
[WhiteElo "1470"]
[BlackElo "1325"]
[PlyCount "69"]
[EventDate "2012.06.14"]
[EventType "tourn (corr)"]
[EventRounds "4"]
[EventCountry "GER"]
[SourceTitle "Telechess CBM 165"]
[Source "ChessBase"]
[SourceDate "2015.03.11"]
[SourceVersion "1"]
[SourceVersionDate "2015.03.11"]
[SourceQuality "1"]

1. e4 d6 2. Nf3 Nf6 3. Nc3 c5 4. Bb5+ Nc6 5. e5 Ng4 6. exd6 Qxd6 7. 0-0 Bd7 8. Ne4 Qd5 9. d3 0-0-0 10. Bc4 Qh5 11. h3 Nge5 12. Nxe5 Qxd1 13. Rxd1 Nxe5 14. Nxc5 Bc6 15. Bb3 e6 16. Be3 Ng6 17. Ne4 Kb8 18. f3 h6 19. d4 Be7 20. c4 Nh4 21. Bf4+ Ka8 22. d5 Bd7 23. d6 Bf6 24. Nxf6 gxf6 25. Kf2 Bc6 26. Bc2 b6 27. Bg3 Ng6 28. a4 f5 29. a5 Kb7 30. axb6 axb6 31. b4 f4 32. Bh2 Rhg8 33. b5 Be8 34. Be4+ Kb8 35. Ra8# 1-0

[Event "BI-2012-P-00013"]
[Site "LSS email"]
[Date "2012.04.20"]
[Round "?"]
[White "Bossi, Noemi"]
[Black "Baroin, Bernard"]
[Result "0-1"]
[WhiteElo "1460"]
[BlackElo "2137"]
[PlyCount "98"]
[EventDate "2012.04.22"]
[EventType "tourn (corr)"]
[EventRounds "10"]
[EventCountry "GER"]
[SourceTitle "Telechess CBM 165"]
[Source "ChessBase"]
[SourceDate "2015.03.11"]
[SourceVersion "1"]
[SourceVersionDate "2015.03.11"]
[SourceQuality "1"]

1. d4 Nf6 2. f4 e6 3. Nf3 c5 4. c3 d5 5. e3 Bd6 6. Bd3 0-0 7. 0-0 b6 8. Qe2 Bb7 9. Nbd2 a5 10. Ne5 a4 11. a3 Qe7 12. Bb5 Ba6 13. Bxa6 Nxa6 14. c4 Rfc8 15. Qd3 Qb7 16. b3 axb3 17. Qxb3 Nb8 18. Bb2 Nc6 19. cxd5 Na5 20. Qb5 Nxd5 21. Nec4 Bf8 22. Rac1 Rcb8 23. dxc5 Bxc5 24. Kh1 Bxe3 25. Nxe3 Nxe3 26. Rf3 Qd5 27. Qb4 Nf5 28. Rfc3 h6 29. Nf1 b5 30. Ne3 Nxe3 31. Rxe3 Rc8 32. Bc3 Rc4 33. Qb2 Nc6 34. Rce1 Ne7 35. Rf3 Nf5 36. Bb4 Qc6 37. Rf2 Rc8 38. Ba5 Nd4 39. Rg1 Qa6 40. Bb4 Qb6 41. Rd2 Nc2 42. Bd6 Ne3 43. Be5 Nf5 44. Rgd1 f6 45. Bxf6 gxf6 46. Qxf6 Rc1 47. Qg6+ Ng7 48. Qg3 R8c3 49. Qg6 Qc7 0-1

[Event "BI-2012-P-00013"]
[Site "LSS email"]
[Date "2012.04.20"]
[Round "?"]
[White "Bossi, Noemi"]
[Black "Pauk, Jozef"]
[Result "1-0"]
[WhiteElo "1460"]
[BlackElo "887"]
[PlyCount "37"]
[EventDate "2012.04.22"]
[EventType "tourn (corr)"]
[EventRounds "10"]
[EventCountry "GER"]
[SourceTitle "Corr 2015"]
[Source "ChessBase"]
[SourceDate "2015.07.17"]
[SourceVersion "1"]
[SourceVersionDate "2015.07.17"]
[SourceQuality "1"]

1. d4 d5 2. e3 Nf6 3. Bd3 e6 4. f4 g6 5. Nf3 Bg7 6. Nbd2 0-0 7. 0-0 Nc6 8. c3 a6 9. Ne5 Nxe5 10. fxe5 Nh5 11. g4 Qg5 12. Kh1 Qxe3 13. Nf3 Qf4 14. Bxf4 Nxf4 15. Bc2 f5 16. exf6 Bxf6 17. Qd2 e5 18. Nxe5 Bg5 19. h4 1-0

[Event "LSS No Engine Cup 60 Preliminary 4"]
[Site "LSS email"]
[Date "2012.02.19"]
[Round "?"]
[White "Jaszczowski, Zdzislaw"]
[Black "Bossi, Noemi"]
[Result "0-1"]
[WhiteElo "884"]
[BlackElo "1447"]
[PlyCount "66"]
[EventDate "2012.02.20"]
[EventType "tourn (corr)"]
[EventRounds "6"]
[EventCountry "GER"]
[SourceTitle "Telechess CBM 153"]
[Source "ChessBase"]
[SourceDate "2013.03.14"]
[SourceVersion "1"]
[SourceVersionDate "2013.03.14"]
[SourceQuality "1"]

1. d4 Nf6 2. Nf3 d5 3. Bf4 e6 4. e3 c5 5. c3 Nc6 6. Bd3 Nh5 7. Bg5 Qb6 8. Qe2 c4 9. Bc2 Qxb2 10. Nbd2 Qxa1+ 11. Bd1 h6 12. Bh4 Qxc3 13. 0-0 Nf6 14. h3 Bd7 15. Nh2 Rc8 16. Ndf3 Ne4 17. Ng4 f6 18. Ngh2 g5 19. Bg3 h5 20. h4 Nxg3 21. fxg3 g4 22. Ne1 Bd6 23. Rxf6 Nxd4 24. exd4 Qxd4+ 25. Kh1 Qxf6 26. Qe3 d4 27. Qe2 Bxg3 28. Nhf3 d3 29. Qe4 d2 30. Nc2 gxf3 31. Bxf3 d1Q+ 32. Ne1 Qxh4+ 33. Kg1 Qh2+ 0-1

[Event "SE-2011-0-00097"]
[Site "LSS email"]
[Date "2012.01.17"]
[Round "?"]
[White "Hoeber, Michael"]
[Black "Bossi, Noemi"]
[Result "0-1"]
[WhiteElo "940"]
[BlackElo "1463"]
[PlyCount "38"]
[EventDate "2011.11.27"]
[EventType "tourn (corr)"]
[EventRounds "6"]
[EventCountry "GER"]
[SourceTitle "Telechess CBM 153"]
[Source "ChessBase"]
[SourceDate "2013.03.14"]
[SourceVersion "1"]
[SourceVersionDate "2013.03.14"]
[SourceQuality "1"]

1. d4 d5 2. Nf3 Nf6 3. Bf4 c5 4. dxc5 Nc6 5. e3 e6 6. c3 Bxc5 7. Nbd2 0-0 8. Bd3 Qe7 9. 0-0 Nh5 10. Bg3 Nxg3 11. hxg3 e5 12. Bc2 Be6 13. Nb3 Bb6 14. Kh2 a6 15. Rh1 h6 16. Kg1 Rad8 17. Qe2 f5 18. Rd1 Rf6 19. Nh4 e4 0-1

[Event "SE-2011-0-00097"]
[Site "LSS email"]
[Date "2012.01.15"]
[Round "?"]
[White "Bossi, Noemi"]
[Black "Werner, Guenter"]
[Result "1/2-1/2"]
[WhiteElo "1463"]
[BlackElo "1166"]
[PlyCount "61"]
[EventDate "2011.11.27"]
[EventType "tourn (corr)"]
[EventRounds "6"]
[EventCountry "GER"]
[SourceTitle "Telechess CBM 153"]
[Source "ChessBase"]
[SourceDate "2013.03.14"]
[SourceVersion "1"]
[SourceVersionDate "2013.03.14"]
[SourceQuality "1"]

1. c4 e5 2. Nf3 Nc6 3. d4 exd4 4. Nxd4 Bc5 5. e3 Nf6 6. Nc3 0-0 7. Be2 Re8 8. 0-0 Bf8 9. Nxc6 dxc6 10. Qxd8 Rxd8 11. e4 Bd6 12. f3 Nh5 13. Rd1 Be6 14. g3 Bc5+ 15. Kg2 Rxd1 16. Nxd1 Rd8 17. Be3 Bd4 18. Bxd4 Rxd4 19. Ne3 c5 20. Rd1 g6 21. Nd5 c6 22. Ne3 f5 23. exf5 gxf5 24. Rxd4 cxd4 25. Nc2 c5 26. Na3 a6 27. f4 Nf6 28. Kf1 Kf7 29. Bd3 Ng4 30. Kg1 Ne3 31. b3 1/2-1/2

[Event "SE-2011-0-00097"]
[Site "LSS email"]
[Date "2012.01.15"]
[Round "?"]
[White "Kepinski, Janusz"]
[Black "Bossi, Noemi"]
[Result "1/2-1/2"]
[WhiteElo "1212"]
[BlackElo "1463"]
[PlyCount "100"]
[EventDate "2011.11.27"]
[EventType "tourn (corr)"]
[EventRounds "6"]
[EventCountry "GER"]
[SourceTitle "Telechess CBM 153"]
[Source "ChessBase"]
[SourceDate "2013.03.14"]
[SourceVersion "1"]
[SourceVersionDate "2013.03.14"]
[SourceQuality "1"]

1. d4 d5 2. c4 dxc4 3. e4 e5 4. Nf3 exd4 5. Bxc4 Nc6 6. 0-0 Bc5 7. Ng5 Nh6 8. Nxf7 Nxf7 9. Bxf7+ Kxf7 10. Qh5+ g6 11. Qxc5 Qe7 12. Qxe7+ Nxe7 13. b3 c5 14. f4 Nc6 15. Na3 b6 16. Bd2 Ba6 17. Rfe1 Rhf8 18. b4 cxb4 19. Nc2 Ke6 20. g3 Rfc8 21. Nxb4 Nxb4 22. Bxb4 Rc2 23. Rac1 Rac8 24. Rxc2 Rxc2 25. Rd1 d3 26. a3 Bc4 27. h3 a5 28. Be1 Ra2 29. Rb1 b5 30. Bxa5 d2 31. Rd1 Rxa3 32. Bxd2 Rxg3+ 33. Kf2 Rxh3 34. Rg1 Rd3 35. Be3 b4 36. Rc1 Rc3 37. Rxc3 bxc3 38. Kf3 h5 39. Bd4 c2 40. Bb2 Bb5 41. Kg3 Bc6 42. Kf3 h4 43. Kg4 Bxe4 44. Kxh4 Kf5 45. Bc1 Bg2 46. Kg3 Bc6 47. Kf2 Ke4 48. Ke2 Bb5+ 49. Kd2 Ba4 50. Kc3 Kf3 1/2-1/2

[Event "SE-2011-0-00097"]
[Site "LSS email"]
[Date "2012.01.14"]
[Round "?"]
[White "Bossi, Noemi"]
[Black "Hall, Dick"]
[Result "0-1"]
[WhiteElo "1463"]
[BlackElo "1599"]
[PlyCount "58"]
[EventDate "2011.11.27"]
[EventType "tourn (corr)"]
[EventRounds "6"]
[EventCountry "GER"]
[SourceTitle "Telechess CBM 153"]
[Source "ChessBase"]
[SourceDate "2013.03.14"]
[SourceVersion "1"]
[SourceVersionDate "2013.03.14"]
[SourceQuality "1"]

1. c4 g6 2. Nc3 Bg7 3. d4 c5 4. d5 Bxc3+ 5. bxc3 f5 6. Nf3 d6 7. Qb3 Nd7 8. Ng5 Ngf6 9. Ne6 Qa5 10. g3 Kf7 11. Bg2 Nb6 12. 0-0 Bxe6 13. dxe6+ Kxe6 14. a4 Kf7 15. Bg5 Rab8 16. Rfb1 Nbd7 17. Bf4 Kg7 18. Bxb7 Nb6 19. Bc6 Rhc8 20. Bg2 Nbd5 21. cxd5 Rxb3 22. Rxb3 Rc7 23. c4 Qa6 24. Rb5 Rb7 25. Bd2 Rxb5 26. cxb5 Qb7 27. Bc3 Kf7 28. Rd1 a6 29. Rb1 axb5 0-1

[Event "SE-2011-0-00097"]
[Site "LSS email"]
[Date "2012.01.14"]
[Round "?"]
[White "Csaba, Fodor"]
[Black "Bossi, Noemi"]
[Result "0-1"]
[WhiteElo "1289"]
[BlackElo "1463"]
[PlyCount "72"]
[EventDate "2011.11.27"]
[EventType "tourn (corr)"]
[EventRounds "6"]
[EventCountry "GER"]
[SourceTitle "Telechess CBM 153"]
[Source "ChessBase"]
[SourceDate "2013.03.14"]
[SourceVersion "1"]
[SourceVersionDate "2013.03.14"]
[SourceQuality "1"]

1. e4 c5 2. Nf3 Nf6 3. d4 Nxe4 4. Nc3 Nxc3 5. bxc3 g6 6. Be2 Bg7 7. 0-0 0-0 8. h4 Nc6 9. h5 d5 10. h6 Bf6 11. Rb1 Qa5 12. Rb5 Qxa2 13. Rxc5 Bf5 14. Bd3 Bxd3 15. cxd3 Rac8 16. Rb5 b6 17. Re1 e6 18. Bd2 Rfe8 19. Bg5 Bxg5 20. Nxg5 Qa3 21. Qf3 Qf8 22. Qf6 Nb8 23. Rb3 Nd7 24. Qf4 f6 25. Nf3 Rc6 26. Qd2 a5 27. Ra1 g5 28. Nh2 Qxh6 29. Ng4 Qh5 30. f3 Qh4 31. Ne3 h5 32. Rc1 g4 33. fxg4 hxg4 34. Qe1 Qxe1+ 35. Rxe1 Rec8 36. Rc1 f5 0-1

[Event "LSS No Engine Cup 55 Preliminary 7"]
[Site "LSS email"]
[Date "2011.12.02"]
[Round "?"]
[White "Ethier, Valori"]
[Black "Bossi, Noemi"]
[Result "1-0"]
[WhiteElo "1742"]
[BlackElo "1384"]
[PlyCount "49"]
[EventDate "2011.12.03"]
[EventType "tourn (corr)"]
[EventRounds "6"]
[EventCountry "GER"]
[SourceTitle "Telechess CBM 157"]
[Source "ChessBase"]
[SourceDate "2013.11.12"]
[SourceVersion "1"]
[SourceVersionDate "2013.11.12"]
[SourceQuality "1"]

1. e4 c5 2. Nc3 Nc6 3. Nge2 e5 4. Nd5 Nge7 5. Nec3 d6 6. Bc4 Nxd5 7. Nxd5 Be7 8. 0-0 0-0 9. d3 Be6 10. f4 exf4 11. Bxf4 Bf6 12. c3 Be5 13. Qh5 f6 14. Be3 Qd7 15. b3 Rac8 16. Qd1 Na5 17. d4 Nxc4 18. bxc4 cxd4 19. cxd4 Bxh2+ 20. Kxh2 Rxc4 21. Rc1 Rxc1 22. Bxc1 Rc8 23. Ba3 Qf7 24. Qf3 Bxd5 25. exd5 1-0

[Event "LSS No Engine Cup 55 Preliminary 7"]
[Site "LSS email"]
[Date "2011.12.02"]
[Round "?"]
[White "Lombardi, Donato"]
[Black "Bossi, Noemi"]
[Result "0-1"]
[WhiteElo "825"]
[BlackElo "1384"]
[PlyCount "48"]
[EventDate "2011.12.03"]
[EventType "tourn (corr)"]
[EventRounds "6"]
[EventCountry "GER"]
[SourceTitle "Telechess CBM 155"]
[Source "ChessBase"]
[SourceDate "2013.07.16"]
[SourceVersion "1"]
[SourceVersionDate "2013.07.16"]
[SourceQuality "1"]

1. e4 c6 2. d4 d5 3. Nc3 dxe4 4. Nxe4 Nf6 5. Nxf6+ gxf6 6. Nf3 Bg4 7. Be2 Qd6 8. c3 Nd7 9. Be3 Nb6 10. 0-0 0-0-0 11. a4 Nd5 12. b4 Nxc3 13. Qc2 Qxb4 14. h3 Nxe2+ 15. Qxe2 Bf5 16. Qd2 Qxd2 17. Nxd2 Rg8 18. g4 Be6 19. Ne4 f5 20. Nc5 fxg4 21. Nxe6 fxe6 22. hxg4 Rxg4+ 23. Kh2 Rd5 24. f3 Rh5# 0-1